| 000 | 00654nam a2200193Ia 4500 | ||
|---|---|---|---|
| 008 | 130821s1966 sp gr spa | ||
| 040 |
_aCo-BoUCM _bspa |
||
| 041 | _aspa | ||
| 100 |
_aAldana, Francisco De _9155883 |
||
| 245 |
_aPoesía _cFrancisco de Aldana; edición, introducción y notas de Elias L. Rivera |
||
| 260 |
_aMadrid (España) _bEspasa-Calpe _c1966 |
||
| 300 | _a151 páginas | ||
| 490 | _aCl sicos Castellanos; 143 | ||
| 504 | _aIncluye notas a pie de página | ||
| 650 | 0 | 4 |
_aLiteratura española _97793 |
| 650 | 0 | 4 |
_aPoesía española _921809 |
| 942 |
_cLIBRO _a18 _e1 _mA53 _2DEWEY _h861.3 _n0 |
||
| 999 |
_c12698 _d12698 |
||